Alice Walker : a life /

Bibliographic Details
Main Author: White, Evelyn C., 1954-
Format: Book
Language:English
Published: New York : Norton, [2004]
Edition:1st ed.
Subjects:

MARC

Tag First Indicator Second Indicator Subfields
LEADER 00000cam a2200000 a 4500
001 in00002017261
005 20151031144645.0
008 040518s2004 nyuaf b 001 0beng
010 |a  2004011513 
020 |a 0393058913 (hardcover) 
035 |a (OCoLC)ocm55286230 
040 |a DLC  |c DLC  |d C#P  |d YBM  |d TXA  |d UtOrBLW 
043 |a n-us--- 
049 |a TXAM 
050 0 0 |a PS3573.A425  |b Z93 2004 
082 0 0 |a 813/.54  |a B  |2 22 
100 1 |a White, Evelyn C.,  |d 1954- 
245 1 0 |a Alice Walker :  |b a life /  |c Evelyn C. White. 
250 |a 1st ed. 
264 1 |a New York :  |b Norton,  |c [2004] 
264 4 |c ©2004 
300 |a xv, 538 pages, 16 unnumbered pages of plates :  |b illustrations ;  |c 24 cm. 
336 |a text  |b txt  |2 rdacontent 
337 |a unmediated  |b n  |2 rdamedia 
338 |a volume  |b nc  |2 rdacarrier 
504 |a Includes bibliographical references (pages [475]-519) and index. 
505 0 |a Kudzu -- To have and to hold -- Life is the award. 
600 1 0 |a Walker, Alice,  |d 1944- 
650 0 |a Authors, American  |y 20th century  |v Biography. 
650 0 |a African American authors  |v Biography. 
948 |a cataloged  |b h  |c 2004/12/1  |d c  |e ceaton  |f 12:56:55 pm 
994 |a C0  |b TXA 
999 |a MARS 
999 f f |s 6b25fa01-c25e-3613-9337-e93b9f8a224f  |i e0ffad54-63a9-3ca8-9873-5303c7843990  |t 0 
952 f f |p normal  |a Texas A&M University  |b College Station  |c Sterling C. Evans Library  |d Evans: Library Stacks  |t 0  |e PS3573.A425 Z93 2004  |h Library of Congress classification  |i unmediated -- volume  |m A14831628723 
998 f f |a PS3573.A425 Z93 2004  |t 0  |l Evans: Library Stacks